WW2 Aircraft by Picture - Statistics

General Stats
  • This quiz has been taken 45 times
  • The average score is 13 of 20
Answer Stats
Picture Answer % Correct
Mitsubishi A6M Zero
91%
North American P-51 Mustang
85%
Boeing B-17 "Flying Fortress"
82%
Boeing B-29 "Superfortress"
82%
Junkers Ju 87 "Stuka"
79%
Messerschmitt Bf 109
79%
Messerschmitt Me 262
79%
Avro Lancaster
76%
Focke-Wulf Fw 190
76%
Vought F4U Corsair
71%
North American B-25 Mitchell
65%
Republic P-47 Thunderbolt
62%
De Havilland Mosquito
59%
Douglas C-47 "Dakota"
56%
Heinkel He 111
56%
Consolidated B-24 Liberator
53%
Messerschmitt Me 163 Komet
50%
Arado Ar 234 Blitz
24%
Mikoyan-Gurevich MiG-3
24%
Dornier Do 11
6%
No matching quizzes found
Score Distribution
Percent of People with Each Score
Percentile by Number Answered
Your Score History
You have not taken this quiz